Disney Mice - Statistics

General Stats
  • This quiz has been taken 699 times
  • The average score is 5 of 12
Answer Stats
Hint Answer % Correct
The one who started it all. Mickey Mouse
98%
The above's favorite girl. Minnie Mouse
95%
He wore green and helped Cinder-elly. Gus
72%
He wore red and helped Cinder-elly. Jaq
55%
He's a great detective. Basil
42%
She was the bold French rescuer. Miss Bianca
39%
He was a janitor-turned-rescuer. Bernard
36%
He helped Dumbo fly. Timothy Q Mouse
35%
He is a guest at the Mad Hatter's tea party. Dormouse
27%
He helped the aristocats. Roquefort
17%
She is married to the above. Little Sister
8%
He lives in Friar Tuck's church. Sexton Mouse
6%
No matching quizzes found
Score Distribution
Percent of People with Each Score
Percentile by Number Answered
Your Score History
You have not taken this quiz